Relativity cosmology topological mass and supergravity (Record no. 17320)

MARC details
000 -LEADER
fixed length control field 00582nam a2200181Ia 4500
003 - CONTROL NUMBER IDENTIFIER
control field IN-BaIIA
008 - FIXED-LENGTH DATA ELEMENTS--GENERAL INFORMATION
fixed length control field 211028s9999 xx 000 0 eng d
020 ## - INTERNATIONAL STANDARD BOOK NUMBER
International Standard Book Number 9971-950-95-2
040 ## - CATALOGING SOURCE
Transcribing agency IIA Library
080 ## - UNIVERSAL DECIMAL CLASSIFICATION NUMBER
Universal Decimal Classification number 530.12.3(082.2)
Item number REL
245 #0 - TITLE STATEMENT
Title Relativity cosmology topological mass and supergravity
Statement of responsibility, etc. edited by C. Aragone
260 ## - PUBLICATION, DISTRIBUTION, ETC.
Place of publication, distribution, etc. New Jersey
Name of publisher, distributor, etc. World Scientific
Date of publication, distribution, etc. 1983
300 ## - PHYSICAL DESCRIPTION
Extent [various pagings.]
650 ## - SUBJECT ADDED ENTRY--TOPICAL TERM
Topical term or geographic name entry element Relativity cosmology
9 (RLIN) 32642
650 ## - SUBJECT ADDED ENTRY--TOPICAL TERM
Topical term or geographic name entry element Supergravity
9 (RLIN) 11828
700 ## - ADDED ENTRY--PERSONAL NAME
Personal name Aragone, C., ed.
9 (RLIN) 32643
942 ## - ADDED ENTRY ELEMENTS (KOHA)
Koha item type Books
Holdings
Withdrawn status Lost status Damaged status Not for loan Home library Current library Shelving location Date acquired Cost, normal purchase price Total Checkouts Full call number Barcode Date last seen Cost, replacement price Price effective from Koha item type Purchase Price
        IIA Library-Bangalore IIA Library-Bangalore General Stacks 26/05/2009 250.00   530.12.3(082.2)/ REL 18242 05/11/2021 250.00 26/05/2009 Books Rs. 250.00

Powered by Koha